|
|
|
|
| LEADER |
01215cas a2200241 a 4500 |
| 001 |
AALejournalIMF022113 |
| 008 |
230101c9999 xx r poo 0 0eng d |
| 020 |
|
|
|z 9781498321617
|
| 022 |
|
|
|a 0250-7528
|
| 040 |
|
|
|a BD-DhAAL
|c BD-DhAAL
|
| 110 |
2 |
|
|a International Monetary Fund.
|b Secretary's Department.
|
| 240 |
1 |
0 |
|a International Monetary Fund Annual Report 2019.
|l German
|
| 245 |
1 |
0 |
|a International Monetary Fund Annual Report 2019.
|
| 264 |
|
1 |
|a Washington, D.C. :
|b International Monetary Fund,
|c 2019.
|
| 300 |
|
|
|a 1 online resource (108 pages)
|
| 490 |
1 |
|
|a Annual Report of the Executive Board
|
| 500 |
|
|
|a <strong>Off-Campus Access:</strong> No User ID or Password Required
|
| 500 |
|
|
|a <strong>On-Campus Access:</strong> No User ID or Password Required
|
| 506 |
|
|
|a Electronic access restricted to authorized BRAC University faculty, staff and students
|
| 520 |
3 |
|
|a International Monetary Fund Annual Report 2019.
|
| 538 |
|
|
|a Mode of access: Internet
|
| 830 |
|
0 |
|a Annual Report of the Executive Board; Annual Report of the Executive Board ;
|v No. 2019/001
|
| 856 |
4 |
0 |
|z Full text available on IMF
|u http://elibrary.imf.org/view/books/011/26120-9781498321617-de/26120-9781498321617-de-book.xml
|z IMF e-Library
|